La reforma
Saved in:
| Hovedforfatter: | |
|---|---|
| Format: | Bog |
| Sprog: | spansk |
| Udgivet: |
Barcelona
Labor
1973
|
| Udgivelse: | 2a. ed |
| Fag: | |
| Tags: |
Tilføj Tag
Ingen Tags, Vær først til at tagge denne postø!
|
MARC
| LEADER | 00000nam a2200000 a 4500 | ||
|---|---|---|---|
| 001 | UCX3363 | ||
| 003 | CL-VaPUC | ||
| 008 | 911030e19730000SP |||||||||||||||||spa|d | ||
| 082 | 0 | 4 | |a 940.2 |b DEL |2 21 |
| 100 | 0 | |a Delumeau, Jean |e author |9 319526 | |
| 245 | 1 | 3 | |a La reforma |
| 250 | |a 2a. ed | ||
| 300 | |a 330 p | ||
| 942 | |c BK | ||
| 945 | |d 19911030 00:00:00 | ||
| 260 | |a Barcelona |b Labor |c 1973 | ||
| 650 | 7 | |a REFORMA |2 CL-VaPUC |9 319527 | |
| 650 | 7 | |a CONTRAREFORMA |2 CL-VaPUC |9 319528 | |
| 651 | 0 | |a Europa |9 255156 | |
| 583 | |a last modification |c 19911030 00:00:00 |k Rodrigo Vera | ||
| 999 | |c 224153 |d 224151 | ||
| 952 | |0 0 |1 0 |4 0 |6 940_200000000000000_DEL_1973 |7 0 |8 R |9 220602 |a BIBHIS |b BIBHIS |d 2019-11-15 |i 2892944 |o 940.2 DEL 1973 |p 2892944 |r 2024-01-30 |w 2019-11-15 |y BK_R |k HIS | ||